| 000 | 00758nam a2200253 i 4500 | ||
|---|---|---|---|
| 001 | 106377 | ||
| 003 | ES-MaACL | ||
| 005 | 20230906184128.0 | ||
| 007 | t| | ||
| 008 | 061106s1998 sp ||||1| spa d | ||
| 020 | _a84-85786-64-5 | ||
| 080 | _a94(460) | ||
| 100 | 1 |
_aRoldán Hervás, José Manuel. _999149 |
|
| 245 | 1 | 0 |
_aHistoria de España / _cJosé Manuel Roldán. |
| 250 | _a6ª ed., 5ª reimp. | ||
| 260 |
_aMadrid : _bEdelsa, _c1998. |
||
| 300 |
_a146 p. : _bil., mapas ; _c21 cm. |
||
| 490 | 1 | _aTemas de cultura española | |
| 500 | _aBiblioteca Jacinto Martínez Lacalle. | ||
| 651 | 4 |
_aEspaña- _xHistoria. _98209 |
|
| 830 | 0 |
_aTemas de cultura española _9232837 |
|
| 852 |
_aES-MaACL _jE-11369 _bR.139085 |
||
| 999 |
_c106377 _d106377 |
||